000 00594nam a2200217Ia 4500
005 20241129115628.0
008 241129s9999||||xx |||||||||||||| ||und||
020 _a9781032248622
037 _aTB
040 _aSDCL
_beng
_cSDCL
041 _aeng
_2eng
084 _aO152,3N25:g R2
_qSDCL
100 _aKumar Sukrita Paul Ed.; Sethi Rekha Ed.
_9722828
245 0 _aKrishna sobti : a counter archive
260 _aNew York
_bRoutledge
_c2022
300 _a286p
365 _aINR
_b1495
650 _aEnglish
942 _cTB
_hO152,3N25:g R2
999 _c1231286
_d1231286